Responses for Show #2469 - Thursday, May 4, 1995

1995 College Championship quarterfinal game 4.

Contestants

[<< previous game]

Nancy Lishaa, a junior from Johns Hopkins University

Todd Konkel, a sophomore from Rice University

Sandra Cha, a junior from Harvard University

[next game >>]

Jeopardy! Round responses

HISTORIC AMERICANS
DOGS
RONS & RONALDS
ADVERTISING
THE SUPREME COURT
FAMILIAR PHRASES
    $100 1
Battle of New Orleans

Todd
    $100 26
Dalmatian

Todd
    $100 16
moon

Todd
    $100 11
milk

Nancy
    $100 2
evolution

Todd
    $100 21
head

Sandra
    $200 6
Benedict Arnold

Todd
    $200 27
(Todd: What is a terrier?)

Spaniel

Todd
Triple Stumper
    $200 17
anopheles mosquito

Todd
    $200 12
American Express

Todd
    $200 3
capital punishment, death penalty

Todd
    $200 22
bite

Sandra
    $300 8
Sacajawea

Sandra
    $300 28
Lhaso Apso

Todd
    $300 18
Ron Wood

Triple Stumper
    $300 13
AT&T

Nancy
    $300 4
Sandra Day O'Connor

Todd
    $300 23
horse

Todd
    $400 9
John Wilkes Booth

Todd
    $400 29
Irish wolfhound

Todd
    $400 19
Commerce

Todd
    $400 14
Apple

Nancy
    $400 5
Brown vs. the Board of Education

Nancy
    $400 24
Punch

Todd
    $500 10
John Jay

Todd
    $500 30
Labrador retrievers

Todd
    $500 20
L. Ron Hubbard

Todd
    $500 15
(Sandra: What is Revlon?)

Estée Lauder

Sandra
Triple Stumper
    $900 7
(Alex: Todd?)
(Todd: Who is Marshall?)

Brandeis

Todd
    $500 25
modus operandi

Todd

Scores at the first commercial break (after clue 13):

Sandra Todd Nancy
$300 $1,100 $800

Scores at the end of the Jeopardy! Round:

Sandra Todd Nancy
$100 $4,600 $1,200

Double Jeopardy! Round responses

WORLD FACTS
THE ELEMENTS
INSPIRATIONAL QUOTES
THE 20th CENTURY
MUSEUMS
AMERICAN LITERATURE
    $200 3
Canada

Nancy
    $200 1
arsenic

Sandra
    $200 26
Luther

Todd
    $200 16
(Sandra: What is an organ bank?)
(Alex: No. ... Todd or Nancy? ... Let me ask Sandra to be more specific on that.)

eye bank

Sandra
    $200 21
Oshkosh

Nancy
    $200 8
Little Women

Todd
    $2,800 7
Roman Catholic

Nancy
    $400 2
mercury

Todd
    $400 27
(John) Wesley

Todd
    $400 17
(Sandra: Who is Lenin?)

Stalin

SandraTodd
    $400 22
New Mexico

Todd
    $400 9
A Connecticut Yankee in King Arthur's Court

Todd
    $600 13
(Sandra: What is Amsterdam?)

The Hague

SandraTodd
    $600 4
potassium

Nancy
    $600 28
Mary Baker Eddy

Triple Stumper
    $600 18
Nixon

Todd
    $600 23
(What is the Metropolitan Museum of Art?)

Museum of Modern Art

ToddNancy
    $600 10
The Catcher in the Rye

Todd
    $800 14
Ethiopia

Nancy
    $800 5
nitrogen

Todd
    $800 29
Khalil Gibran

Todd
    $800 19
Gulf of Tonkin

Todd
    $800 24
Getty Museum

Todd
    $800 11
(John) Steinbeck

Todd
    $1000 15
(Sandra: What is Rio de Janeiro?)

São Paulo

SandraTodd
    $1000 6
bismuth

Nancy
    $1000 30
Laozi (Lao Tzu)

Sandra
    $1000 20
Chile

Todd
    $1000 25
Dartmouth

Todd
    $1,000 12
(Todd: What is The American Scholar?)

Self Reliance

Todd

Scores at the end of the Double Jeopardy! Round:

Sandra Todd Nancy
-$500 $15,400 $6,200
(lock game)

Final Jeopardy! Round responses

POLITICAL TERMS
NancyWho were Pulitzer and Hearst?
$6,200
ToddWho are muckrakers?
$600
muckrakers

Final scores:

Sandra Todd Nancy
-$500 $16,000 $0
3rd place: $1,000 if eliminated Automatic semifinalist 2nd place: $1,000 if eliminated

Game dynamics:

Coryat scores:

Sandra Todd Nancy
-$500 $17,300 $3,800
6 R,
4 W
38 R,
3 W
(including 2 DDs)
10 R
(including 1 DD),
1 W

Combined Coryat: $20,600

[game clues] [game scores] [suggest correction]

Game tape date: 1995-04-01
The J! Archive is created by fans, for fans. Scraping, republication, monetization, and malicious use prohibited; this site may use cookies and collect identifying information. See terms. The Jeopardy! game show and all elements thereof, including but not limited to copyright and trademark thereto, are the property of Jeopardy Productions, Inc. and are protected under law. This website is not affiliated with, sponsored by, or operated by Jeopardy Productions, Inc. Join the discussion at JBoard.tv.